000 00869nom a2200205 i 4500
001 157706
003 ES-MaACL
005 20240930131404.0
008 970404s1885 sp |||| | spa d
040 _aCYL
_bspa
_cCYL
110 2 _aLibrería de Hernando (Madrid)
_9134645
245 1 0 _aCatálogo de los libros de fondo y de surtido y material de enseñanza que se hallan de venta en la Librería de Hernando.
260 _aMadrid :
_b[s.n.],
_c1885 (
_fImprenta de Hernando)
300 _a112 p. ;
_c18 cm. +
_e1 CD-ROM
852 _aES-MaACL
_jT-415-F-10
_eEjemplar mútilo: falto de la cub. original
_xEncuadernación holandesa
_xEncuadernado con otras obras formando un volumne facticio
_9163540
_cDEPOF
852 _aES-MaACL
_jROT 6/2/22
_9203371
_cROT
942 _2udc
_cMONANT
999 _c157706
_d157706